000 00567nam a2200181 4500
001 136571
003 ES-MaACL
005 20230906195152.0
007 t|
008 070214s1957 sp r ||||1| spa d
100 1 _aRyden, Stig.
_9101105
245 1 0 _aPedro Loefling en Venezuela
_b: (1754-1756) /
_cStig Ryden.
260 _aMadrid :
_bInsula,
_c1957.
300 _a266 p. ;
_c21 cm.
500 _aPrecede al Tit : Instituto Ibero-Americano Gotemburgo, Suecia.
710 0 0 _aInstituto Ibero-Americano (Göteborg)
_95089
852 _aES-MaACL
_jC-12965
_bR.40819
999 _c136571
_d136571